000 01066nam a22002655a 4500
003 OSt
005 20170129123322.0
008 160922s2012 ua frb 000 0 ara d
015 _22011 / 1696
020 _a9789770466343
040 _aEG-ScBUE
_bara
_cEG-ScBUE
_dEG-ScBUE
043 _af-ua---
082 0 4 _222
_a344.6201891
_bع ل ي
100 1 _aعلي، محمد أنور حامد.
245 1 0 _aحقوق وواجبات العمال في ظل قانون العمل الصادر بالقانون 12 لسنة 2003 والقوانين ذات الصلة /
_cتأليف محمد أنور حامد علي.
250 _aط. 1.
260 _aالقاهرة :
_bدار النهضة العربية،
_c2012.
300 _a479 ص. ؛
_c24 سم.
504 _aيشتمل على إرجاعات ببليوجرافية.
650 0 _2BUEsh
_aعقود العمل
_xقوانين وتشريعات
_zمصر.
650 0 _2BUEsh
_aالعمل والعمال
_xقوانين وتشريعات
_zمصر.
_910938
651 _2BUEsh
653 _bLLAAWW
_cJanuary2017
942 _2ddc
999 _c24020
_d23992